| 000 | 00838nam a2200265Ia 4500 | ||
|---|---|---|---|
| 001 | Para_3040 | ||
| 003 | CHAP | ||
| 008 | 220125s1975 xx 000 0 und d | ||
| 010 | _a201513 | ||
| 040 | _cCHAP | ||
| 090 | _aPA TESIS 273 | ||
| 100 |
_aRodríguez J. ,Josefina del C _998608 |
||
| 245 |
_aEfecto de los componentes del medio de cultivo en el crecimiento de 3 cepas de Rhizobium japonicum / _c Josefina del C. Rodríguez J. |
||
| 260 |
_aMéxico : _b El autor |
||
| 300 | _a59 h. | ||
| 502 | _aTesis (Químico Biólogo Parasitólogo) -- IPN. Escuela Nacional de Ciencias Biòlogicas | ||
| 650 |
_aRhizobium japonicum _997125 |
||
| 901 | _aPA TESIS 273 | ||
| 902 | _aA | ||
| 905 | _a0000001975 mx 0000000000 00 | ||
| 910 | _a1975 | ||
| 942 | _cPARA | ||
| 942 |
_cPARA _d1 |
||
| 999 |
_c201513 _d201513 |
||